Country Flags of the World in 1970 - Statistics

General Stats
  • This quiz has been taken 775 times
  • The average score is 111 of 143
Answer Stats
Picture Hint Answer % Correct
United States
100%
(From 25 October 1971) China
99%
France
97%
Japan
96%
United Kingdom
96%
Australia
95%
Canada
95%
Italy
95%
Brazil
94%
India
94%
Mexico
94%
New Zealand
94%
South Korea
94%
Finland
93%
Netherlands
93%
Sweden
93%
Belgium
92%
Luxembourg
92%
Norway
92%
Poland
92%
Soviet Union
92%
Spain
92%
Switzerland
92%
Argentina
91%
Greece
91%
Portugal
91%
West Germany
91%
Austria
90%
Denmark
90%
East Germany
90%
Iceland
90%
Indonesia
90%
Ireland
90%
Saudi Arabia
90%
Israel
89%
North Korea
89%
Turkey
89%
Jamaica
88%
Monaco
88%
Ceylon
87%
North Vietnam
87%
Philippines
87%
Republic of China
87%
Singapore
87%
Thailand
87%
Vatican City
87%
Afghanistan
86%
Albania
86%
Bhutan
86%
Bulgaria
86%
(Date to October 1970) Cambodia / Khmer Republic
85%
Algeria
84%
Cyprus
84%
Romania
84%
Venezuela
84%
Colombia
83%
Cuba
83%
Hungary
83%
Peru
83%
San Marino
83%
Chile
82%
Czechoslovakia
82%
Kenya
82%
Yugoslavia
82%
Andorra
81%
Botswana
81%
Chad
81%
Lebanon
81%
South Africa
80%
Central African Republic
79%
Ecuador
79%
Costa Rica
78%
Dominican Republic
78%
D.R. Congo
78%
Burundi
77%
Nepal
77%
Nigeria
77%
Uruguay
77%
Fiji
76%
Ivory Coast
76%
Malaysia
76%
Morocco
76%
Pakistan
76%
Panama
76%
Syria
76%
Liberia
75%
Liechtenstein
75%
Barbados
74%
Malta
74%
Mongolia
74%
Somalia
74%
Tunisia
74%
Honduras
73%
Nicaragua
73%
Niger
73%
Uganda
73%
El Salvador
72%
Guatemala
72%
Guyana
72%
Kuwait
72%
Swaziland
72%
Ghana
71%
Jordan
71%
Malagasy Republic
71%
Malawi
71%
Maldives
71%
Paraguay
71%
Tanzania
71%
Trinidad and Tobago
71%
Haiti
70%
Tonga
70%
Zambia
69%
Ethiopia
68%
Gabon
68%
Mauritania
68%
Western Samoa
68%
Nauru
67%
Rwanda
67%
Sierra Leone
67%
Togo
67%
Gambia
66%
Bolivia
65%
Cameroon
65%
Equatorial Guinea
65%
Guinea
65%
Senegal
65%
Iraq
64%
Mali
64%
Mauritius
64%
Laos
63%
Lesotho
63%
North Yemen
62%
Iran
59%
South Vietnam
57%
United Arab Republic
54%
Burma
50%
South Yemen
43%
Dahomey
37%
(From 3 January 1970) Congo (Brazzaville)
30%
Upper Volta
30%
Libya
26%
Sudan
26%
(To 9 August 1970) Muscat and Oman
22%
No matching quizzes found
Score Distribution
Percent of People with Each Score
Percentile by Number Answered
Your Score History
You have not taken this quiz